=LDR 00000nam 2200000 4500 =001 INLIS000000000020673 =005 20151001144745.0 =006 =007 =008 Ind =035 ##$$0010-061300000020673 =041 ##$$a Ind =082 ##$$a F Rom K =090 ##$$a F Rom K, Pra a =100 ##$$a Prasetyo, Eko =245 ##$$a Ande-ande lumut, dongeng pengantar tidur, Eko Prasetyo =260 ##$$a 2005 $b Surabaya =300 ##$$a 80 hlm, 20 cm =650 ##$$a Fiksi kanak-kanak =850 ##$$a NBPNMAT